书目信息 |
| 题名: |
帝国主义是资本主义的最高阶段
|
|
| 作者: | 列宁 著 ;中共中央马恩列斯著作编译局 译 | |
| 分册: | ||
| 出版信息: | 莫斯科 外国文书籍出版局 1949 |
|
| 页数: | 119页 | |
| 开本: | 21cm | |
| 丛书名: | ||
| 单 册: | ||
| 中图分类: | A224 | |
| 科图分类: | ||
| 主题词: | 列字著作--单行本--1912年4月~1916年 | |
| 电子资源: | ||
| ISBN: | ||
| 000 | 00603nam0 2200181 45 | |
| 001 | 0181023520 | |
| 005 | 20070929162230.78 | |
| 100 | @a20810111d1949 km y0chiy0120 ea | |
| 101 | 0 | @achi |
| 200 | 1 | @a帝国主义是资本主义的最高阶段@ADI GUO ZHU YI SHI ZI BEN ZHU YI DE ZUI GAO JIE DUAN@f列宁著 |
| 210 | @a莫斯科@c外国文书籍出版局@d1949 | |
| 215 | @a119页@d21cm | |
| 606 | 0 | @a列字著作@x单行本@x1912年4月~1916年 |
| 690 | @aA224@v3 | |
| 701 | 0 | @a列宁@4著 |
| 712 | 02 | @a中共中央马恩列斯著作编译局@AZhong Gong Zhong Yang Ma En Lie Si Zhu ZuoBian Yi Ju@4译 |
| 801 | @aCN@bTSTC@c20070929 | |
| 905 | @dA224@e14:1606≈3 | |
| 帝国主义是资本主义的最高阶段/列宁著.-莫斯科:外国文书籍出版局,1949 |
| 119页;21cm |
| ISBN : |
| ● |
| 相关链接 |
|
|
|
|
正题名:帝国主义是资本主义的最高阶段
索取号:A224/14:1606≈3
 
预约/预借
| 序号 | 登录号 | 条形码 | 馆藏地/架位号 | 状态 | 备注 |
| 1 | 609941 | 206099416 | 密集书库/ [索取号:A224/14:1606≈3] | 在馆 |